[Event "Skilling Open"]
[Site "chess24.com INT"]
[Date "2020.11.24"]
[EventDate "2020.11.22"]
[Round "12.3"]
[Result "0-1"]
[White "Anish Giri"]
[Black "Alireza Firouzja"]
[WhiteElo "2764"]
[BlackElo "2749"]
[PlyCount "110"]

1. e4 c5 2. Nf3 d6 3. d4 cxd4 4. Nxd4 Nf6 5. Nc3 Nc6 6. Bg5 e6
7. Qd2 a6 8. O-O-O Bd7 9. f3 Be7 10. Kb1 Nxd4 11. Qxd4 Qc7
12. g4 h5 13. gxh5 Nxh5 14. Rg1 Rc8 15. Qd2 b5 16. Bd3 Bxg5
17. Rxg5 b4 18. Ne2 Qb6 19. f4 g6 20. Ng3 Nf6 21. f5 gxf5
22. exf5 e5 23. Ne4 Nxe4 24. Bxe4 Rc4 25. Qg2 Kd8 26. Bd3 Rd4
27. Rc1 Kc7 28. Rg7 Rf8 29. Qg5 d5 30. Qe7 Qd6 31. f6 Rf4
32. c4 Qxe7 33. fxe7 Re8 34. cxd5+ Kd6 35. Bxa6 Rxe7 36. Bc8
Bxc8 37. Rxc8 Kxd5 38. Rg2 e4 39. Rd2+ Ke5 40. Rc5+ Kf6
41. Kc2 Re5 42. Rc7 Kg6 43. Kd1 f6 44. Rb7 e3 45. Rg2+ Kf5
46. Ke2 Rd4 47. Ke1 Rc4 48. Rbg7 Rc1+ 49. Ke2 Rc2+ 50. Kd3 e2
51. Rg1 Rxb2 52. Re1 Rxa2 53. Rb7 Kf4 54. Rxb4+ Kf3 55. Rbb1
Kf2 0-1

[Event "Magnus Carlsen Invitational"]
[Site "chess24.com INT"]
[Date "2021.03.13"]
[EventDate "2021.03.13"]
[Round "1.8"]
[Result "1/2-1/2"]
[White "Maxime Vachier-Lagrave"]
[Black "Alireza Firouzja"]
[WhiteElo "2758"]
[BlackElo "2759"]
[PlyCount "120"]

1. Nf3 d5 2. g3 Nf6 3. Bg2 e6 4. O-O Be7 5. d3 O-O 6. Nbd2 a5
7. a4 b6 8. b3 Bb7 9. Bb2 Nbd7 10. Re1 Qc8 11. e4 dxe4
12. dxe4 Nc5 13. e5 Nd5 14. Qe2 Nb4 15. Nc4 Be4 16. Nd4 Bxg2
17. Kxg2 Rd8 18. Nb5 Qb7+ 19. f3 h5 20. h4 Rd7 21. Rad1 Rad8
22. Bc1 Nd5 23. Bg5 Bxg5 24. hxg5 g6 25. Rd2 Kg7 26. Rh1 Qa8
27. Kg1 Rh8 28. Rh2 Qd8 29. f4 h4 30. gxh4 Nxf4 31. Qg4 Rxd2
32. Rxd2 Nd5 33. Nd4 Qa8 34. Ne2 Ne7 35. Ng3 Nf5 36. h5 Rd8
37. h6+ Kh7 38. Qf4 Rxd2 39. Nxd2 Qd5 40. Kf2 Qd4+ 41. Qxd4
Nxd4 42. Nge4 Nxe4+ 43. Nxe4 Nxc2 44. Nd2 Nb4 45. Ke3 Kh8
46. Kd4 Nc6+ 47. Ke4 Kh7 48. Nf3 Nb8 49. Ne1 Nd7 50. Nd3 Kg8
51. Kd4 c6 52. Kc4 Kh7 53. b4 axb4 54. Kxb4 Kg8 55. Kc4 Kh8
56. Kd4 Kg8 57. Nc1 Kh7 58. Nd3 Kg8 59. Nc1 Kh7 60. Nd3 Kg8
1/2-1/2

[Event "Magnus Carlsen Invitational"]
[Site "chess24.com INT"]
[Date "2021.03.13"]
[EventDate "2021.03.13"]
[Round "2.1"]
[Result "1/2-1/2"]
[White "Anish Giri"]
[Black "Alireza Firouzja"]
[WhiteElo "2776"]
[BlackElo "2759"]
[PlyCount "132"]

1. e4 c5 2. Nf3 d6 3. d4 cxd4 4. Nxd4 Nf6 5. Nc3 Nc6 6. Bg5 e6
7. Qd2 a6 8. O-O-O Bd7 9. Kb1 Nxd4 10. Qxd4 h6 11. Bd2 b5
12. f3 Qb8 13. h4 b4 14. Ne2 a5 15. g4 e5 16. Qg1 Be6 17. g5
Nh5 18. Bh3 Qc8 19. Bxe6 Qxe6 20. f4 Rc8 21. b3 g6 22. Qb6 Bg7
23. gxh6 Bxh6 24. fxe5 Bg7 25. Qb5+ Kf8 26. Qxa5 Bxe5 27. Bxb4
Kg7 28. Qd5 Qg4 29. Qd3 Nf6 30. Nc3 Rxh4 31. Rxh4 Qxh4 32. a4
Qg4 33. Re1 Qh4 34. Nb5 Bg3 35. Re2 Qh1+ 36. Ka2 Be5 37. c3
Ne8 38. Rf2 Qh4 39. Qf3 Qe7 40. Rd2 Rc6 41. Nd4 Ra6 42. Rg2
Qb7 43. Qd3 Kg8 44. Re2 Nf6 45. Nf3 Bf4 46. e5 dxe5 47. Nxe5
Nd5 48. Ng4 Qxb4 49. Qxd5 Qxc3 50. Rf2 g5 51. Qf5 Rb6 52. Qc2
Qxc2+ 53. Rxc2 f5 54. Nf2 g4 55. Rc4 Be3 56. Nxg4 fxg4
57. Rxg4+ Kf7 58. b4 Ke7 59. Re4+ Re6 60. Rxe6+ Kxe6 61. a5
Kd6 62. Kb3 Kc6 63. Kc4 Bf2 64. b5+ Kb7 65. b6 Bxb6 66. axb6
Kxb6 1/2-1/2

[Event "Magnus Carlsen Invitational"]
[Site "chess24.com INT"]
[Date "2021.03.13"]
[EventDate "2021.03.13"]
[Round "3.8"]
[Result "1/2-1/2"]
[White "Alireza Firouzja"]
[Black "Magnus Carlsen"]
[WhiteElo "2759"]
[BlackElo "2847"]
[PlyCount "79"]

1. d4 Nf6 2. Nf3 e6 3. e3 c5 4. Bd3 d5 5. b3 Nc6 6. Bb2 b6
7. Nbd2 Bb7 8. a3 cxd4 9. exd4 g6 10. Qe2 Bg7 11. Ne5 Qc7
12. h4 h5 13. O-O-O O-O-O 14. Kb1 Kb8 15. Rh3 Nxe5 16. dxe5
Ne4 17. Bxe4 dxe4 18. Nc4 Ba6 19. Rxd8+ Rxd8 20. Qxe4 Bxc4
21. bxc4 Bf8 22. Rf3 Bc5 23. Qe2 Rc8 24. Ka2 Rd8 25. Kb3 Rd7
26. Rd3 Qc6 27. g3 Kb7 28. Bc3 Rxd3 29. cxd3 b5 30. d4 bxc4+
31. Qxc4 Bb6 32. a4 a6 33. Qb4 Qd5+ 34. Kb2 Kc6 35. Qf8 Qd7
36. Kb3 Qd5+ 37. Kb2 Qd7 38. Kb3 Kb7 39. Qb4 Kc6 40. Qf8
1/2-1/2

[Event "Magnus Carlsen Invitational"]
[Site "chess24.com INT"]
[Date "2021.03.13"]
[EventDate "2021.03.13"]
[Round "4.2"]
[Result "1-0"]
[White "David Anton Guijarro"]
[Black "Alireza Firouzja"]
[WhiteElo "2673"]
[BlackElo "2759"]
[PlyCount "103"]

1. d4 Nf6 2. c4 g6 3. Nf3 Bg7 4. e3 O-O 5. Be2 d6 6. Nc3 Nc6
7. d5 Nb4 8. O-O e6 9. dxe6 Bxe6 10. Nd4 Nc6 11. Nxe6 fxe6
12. Rb1 Nd7 13. Qd2 Qf6 14. Nd1 Nc5 15. Nc3 a5 16. Qd1 Rad8
17. Bd2 Qf7 18. a3 d5 19. cxd5 exd5 20. Nb5 d4 21. exd4 Bxd4
22. Qc2 Qf5 23. Bc4+ Kg7 24. Qxf5 Rxf5 25. Nxd4 Nxd4 26. Rfd1
Na4 27. b3 Nb6 28. Bc3 c5 29. Bxa5 Rd6 30. Bf1 Nd5 31. Be1 Nf4
32. Bc3 Kf8 33. Bxd4 cxd4 34. g3 Nh5 35. Rd2 Rc5 36. a4 Rc3
37. Bc4 Ng7 38. Rbd1 Nf5 39. Kg2 b6 40. Rd3 Rc2 41. Rf3 Rf6
42. Rxd4 g5 43. Bd3 Rd2 44. Rd5 Ne3+ 45. Rxe3 Rfxf2+ 46. Kg1
Rg2+ 47. Kf1 Rxh2 48. Ke1 Ra2 49. Rf5+ Kg8 50. Re8+ Kg7
51. Re7+ Kg6 52. Rf4+ 1-0

[Event "Magnus Carlsen Invitational"]
[Site "chess24.com INT"]
[Date "2021.03.13"]
[EventDate "2021.03.13"]
[Round "5.7"]
[Result "1-0"]
[White "Alireza Firouzja"]
[Black "Nils Grandelius"]
[WhiteElo "2759"]
[BlackElo "2670"]
[PlyCount "117"]

1. d4 Nf6 2. Nf3 g6 3. b3 Bg7 4. Bb2 O-O 5. e3 b6 6. Be2 Bb7
7. O-O c5 8. a4 cxd4 9. exd4 a6 10. c4 d5 11. a5 dxc4 12. bxc4
b5 13. Nbd2 Ne4 14. Nb3 bxc4 15. Bxc4 Nd6 16. Bd3 Bd5 17. Ne5
Nc6 18. Bc3 Nxe5 19. dxe5 Ne4 20. Bxe4 Bxe4 21. Nc5 Bc6
22. Qxd8 Rfxd8 23. Rfd1 Bb5 24. f4 Rxd1+ 25. Rxd1 Rc8 26. Bb4
Bf8 27. e6 Bg7 28. Kf2 fxe6 29. Nxe6 Bf6 30. Nc5 Kf7 31. Ke3
h5 32. g3 Ke8 33. Rc1 Kf7 34. Rc2 Rc6 35. h3 Rc8 36. Rd2 Ke8
37. g4 hxg4 38. hxg4 Rd8 39. Rxd8+ Kxd8 40. Ne6+ Ke8 41. Nc7+
Kd7 42. Nxb5 axb5 43. g5 Bg7 44. Bxe7 Kc6 45. Bb4 Kd5 46. a6
Kc6 47. Bc5 Bb2 48. Ke4 Bc1 49. Be3 Bb2 50. Bc5 Bc1 51. Ke5
Bd2 52. f5 gxf5 53. g6 Bh6 54. Kxf5 Bg7 55. Ke6 Bc3 56. Kf7
Kc7 57. Be7 Kb6 58. Bf6 b4 59. g7 1-0

[Event "Magnus Carlsen Invitational"]
[Site "chess24.com INT"]
[Date "2021.03.14"]
[EventDate "2021.03.13"]
[Round "6.3"]
[Result "0-1"]
[White "Shakhriyar Mamedyarov"]
[Black "Alireza Firouzja"]
[WhiteElo "2770"]
[BlackElo "2759"]
[PlyCount "92"]

1. e4 c5 2. c3 d5 3. exd5 Qxd5 4. d4 Nf6 5. Nf3 e6 6. Na3 a6
7. Nc4 Nbd7 8. Be2 b5 9. Ne3 Qc6 10. O-O Bb7 11. a4 Be7
12. dxc5 Qxc5 13. Qb3 b4 14. Bd2 Ne4 15. Be1 a5 16. cxb4 axb4
17. Bb5 Ba6 18. Bxa6 Rxa6 19. Rd1 Qc6 20. Bxb4 Qb7 21. Rxd7
Kxd7 22. Qd3+ Ke8 23. Bxe7 Kxe7 24. Qa3+ Nd6 25. Nd4 Rd8
26. Nb3 Rb6 27. Nc5 Qb8 28. b4 Rxb4 29. Na6 Rb3 30. Nxb8 Rxa3
31. Nc6+ Kd7 32. Nxd8 Kxd8 33. Rd1 Ke7 34. Rxd6 Rxe3 35. fxe3
Kxd6 36. Kf2 Kc5 37. Kf3 Kb4 38. Ke4 f6 39. Kd4 Kxa4 40. Kc5
Kb3 41. Kd6 e5 42. g4 Kc4 43. Ke6 Kd3 44. Kf7 Kxe3 45. Kxg7
Kf4 46. Kxf6 e4 0-1

[Event "Magnus Carlsen Invitational"]
[Site "chess24.com INT"]
[Date "2021.03.14"]
[EventDate "2021.03.13"]
[Round "7.6"]
[Result "1/2-1/2"]
[White "Alireza Firouzja"]
[Black "Ian Nepomniachtchi"]
[WhiteElo "2759"]
[BlackElo "2789"]
[PlyCount "76"]

1. d4 Nf6 2. Bf4 c5 3. d5 d6 4. Nc3 a6 5. a4 e5 6. Bg5 Be7
7. Nf3 e4 8. Bxf6 exf3 9. Bxe7 fxg2 10. Bxg2 Qxe7 11. Qd3 Nd7
12. Qg3 O-O 13. Ne4 Ne5 14. f4 Ng4 15. h3 Nh6 16. O-O Nf5
17. Qf2 Re8 18. Ra3 Nd4 19. e3 Nxc2 20. Rc3 Nb4 21. Ng3 f5
22. e4 fxe4 23. Bxe4 Qh4 24. f5 Bd7 25. f6 Qxf6 26. Qxf6 gxf6
27. Rxf6 Rad8 28. Rh6 Re7 29. Rxd6 Rf8 30. Rxc5 Bxa4 31. Rc4
Rg7 32. Rxb4 Rxg3+ 33. Kh2 Rg7 34. Rxa4 Rf2+ 35. Kh1 Rf1+
36. Kh2 Rf2+ 37. Kh1 Rf1+ 38. Kh2 Rf2+ 1/2-1/2

[Event "New In Chess Classic"]
[Site "chess24.com INT"]
[Date "2021.04.24"]
[EventDate "2021.04.24"]
[Round "1.7"]
[Result "1-0"]
[White "Alireza Firouzja"]
[Black "Wesley So"]
[WhiteElo "2759"]
[BlackElo "2770"]
[PlyCount "107"]

1. d4 Nf6 2. Nf3 d5 3. Bf4 c5 4. e3 Nc6 5. Nbd2 e6 6. c3 cxd4
7. exd4 Nh5 8. Be3 Bd6 9. Bb5 O-O 10. O-O Qc7 11. Re1 a6
12. Bd3 g6 13. Rc1 b5 14. a4 bxa4 15. Qxa4 Bd7 16. Qc2 Rab8
17. Nb3 Qb6 18. Nc5 Bxc5 19. dxc5 Qxb2 20. Qxb2 Rxb2 21. Bxa6
e5 22. Bh6 Ra8 23. Ra1 Ng7 24. c4 d4 25. Bb5 Rxa1 26. Rxa1 f6
27. Nd2 Nf5 28. Ne4 Kf7 29. Bd2 d3 30. f4 exf4 31. Bc3 Rc2
32. Ba4 Nfd4 33. Bxc2 dxc2 34. Bb2 Nb3 35. Re1 Ne5 36. Nxf6
Nd3 37. Nxd7 Nxe1 38. Ne5+ Ke6 39. c6 Kd6 40. Kf2 Nxg2
41. Ba3+ Kc7 42. Kxg2 c1=R 43. Bxc1 Nxc1 44. Kf3 g5 45. Kg4 h6
46. Kh5 f3 47. Nxf3 Kxc6 48. Kxh6 g4 49. Ne5+ Kc5 50. Kg5 Kd4
51. Nxg4 Ne2 52. h4 Ng3 53. Nf6 Kxc4 54. Kg4 1-0

[Event "New In Chess Classic"]
[Site "chess24.com INT"]
[Date "2021.04.24"]
[EventDate "2021.04.24"]
[Round "2.3"]
[Result "1-0"]
[White "Shakhriyar Mamedyarov"]
[Black "Alireza Firouzja"]
[WhiteElo "2770"]
[BlackElo "2759"]
[PlyCount "91"]

1. d4 Nf6 2. c4 e6 3. Nf3 d5 4. Nc3 Nbd7 5. e3 a6 6. b3 b6
7. Bb2 Bd6 8. g3 Bb7 9. Bg2 O-O 10. O-O Ne4 11. Qc2 f5 12. Ne2
Qe7 13. Nf4 a5 14. Ne5 Ndf6 15. Rac1 a4 16. bxa4 Qe8 17. f3
Ng5 18. c5 Bxe5 19. dxe5 Nh5 20. cxb6 cxb6 21. Ba3 Nxf4
22. exf4 Nf7 23. Bxf8 Qxf8 24. Rfe1 Qb4 25. Qb3 Qd4+ 26. Qe3
Qb4 27. Rb1 Qxa4 28. Qxb6 Bc8 29. Rec1 h6 30. Qc6 Qa7+ 31. Kh1
Bd7 32. Qb7 Qa4 33. Bf1 g5 34. Rc7 Be8 35. Bb5 Qa3 36. Rb3
Qxa2 37. Bxe8 Rxe8 38. Rxf7 Qa1+ 39. Kg2 Qa2+ 40. Kf1 Qa1+
41. Rb1 Qxb1+ 42. Qxb1 Kxf7 43. fxg5 hxg5 44. Qb7+ Re7 45. Qc8
Ra7 46. Qh8 1-0

[Event "New In Chess Classic"]
[Site "chess24.com INT"]
[Date "2021.04.24"]
[EventDate "2021.04.24"]
[Round "3.6"]
[Result "1-0"]
[White "Alireza Firouzja"]
[Black "Sergey Karjakin"]
[WhiteElo "2759"]
[BlackElo "2757"]
[PlyCount "101"]

1. d4 Nf6 2. Nf3 d5 3. e3 c5 4. dxc5 e6 5. b4 a5 6. c3 axb4
7. cxb4 b6 8. Bb5+ Bd7 9. Bxd7+ Nbxd7 10. O-O bxc5 11. b5 Bd6
12. a4 O-O 13. Bb2 Qb8 14. Nbd2 Rc8 15. Qc2 h6 16. Rfb1 e5
17. g3 Bc7 18. e4 d4 19. Nc4 Ba5 20. Bc1 Qb7 21. Bd2 Bc7
22. b6 Bb8 23. Re1 Ra6 24. a5 Re8 25. Nh4 Re6 26. Nf5 h5
27. Qd3 g6 28. Nh4 Ra8 29. Nf3 Qa6 30. Ng5 Re7 31. Qb3 Ne8
32. Rab1 Ndf6 33. Qb5 Qxb5 34. Rxb5 Nd7 35. Rc1 Nd6 36. Nxd6
Bxd6 37. Nf3 f5 38. Bg5 Ree8 39. Nd2 Kf7 40. Nc4 Ke6 41. f3
Ra6 42. b7 Rf8 43. Kg2 Bb8 44. Rcb1 Bc7 45. Bc1 Bb8 46. Ba3
Ba7 47. Re1 g5 48. exf5+ Kxf5 49. Nxe5 Re8 50. Nxd7 Rxe1
51. Bxc5 1-0

[Event "New In Chess Classic"]
[Site "chess24.com INT"]
[Date "2021.04.24"]
[EventDate "2021.04.24"]
[Round "4.4"]
[Result "1/2-1/2"]
[White "Le Quang Liem"]
[Black "Alireza Firouzja"]
[WhiteElo "2709"]
[BlackElo "2759"]
[PlyCount "92"]

1. d4 d5 2. Nf3 Nf6 3. c4 c6 4. Nc3 a6 5. a4 e6 6. e3 c5
7. cxd5 exd5 8. g3 Nc6 9. Bg2 cxd4 10. Nxd4 Be7 11. O-O O-O
12. b3 Bg4 13. Qd2 Qd7 14. Ba3 Bxa3 15. Rxa3 Bh3 16. Rd1 Bxg2
17. Kxg2 Ne5 18. f3 Rfe8 19. Ra2 Ng6 20. Rc1 Re7 21. Rac2 h5
22. h4 Rae8 23. Nd1 Nf8 24. Qa5 Ne6 25. Qd2 Nxd4 26. Qxd4 Qd6
27. Rc8 Qa3 28. Qd3 Qd6 29. Nf2 Qe6 30. Rxe8+ Rxe8 31. Rc7
Qxe3 32. Qxe3 Rxe3 33. Rxb7 d4 34. Rb6 a5 35. Rb8+ Kh7 36. Rd8
Rxb3 37. Rxd4 Rb2 38. Kf1 Ra2 39. Nd3 Ng8 40. Nf4 Ne7 41. Rd7
Nf5 42. Nxh5 Kg6 43. Nf4+ Kf6 44. Nh5+ Kg6 45. Nf4+ Kf6
46. Nh5+ Kg6 1/2-1/2

[Event "New In Chess Classic"]
[Site "chess24.com INT"]
[Date "2021.04.24"]
[EventDate "2021.04.24"]
[Round "5.5"]
[Result "1-0"]
[White "Alireza Firouzja"]
[Black "Leinier Dominguez Perez"]
[WhiteElo "2759"]
[BlackElo "2758"]
[PlyCount "113"]

1. d4 d5 2. Nf3 Nf6 3. Bf4 e6 4. Nbd2 c5 5. e3 Qb6 6. Rb1 Bd6
7. c3 cxd4 8. Bxd6 dxe3 9. Ba3 exd2+ 10. Qxd2 Ne4 11. Qc2 Na6
12. Nd4 Bd7 13. f3 Nd6 14. Qf2 e5 15. Ne6 Bxe6 16. Qxb6 axb6
17. Bxd6 f6 18. f4 O-O-O 19. fxe5 fxe5 20. Be7 Rd7 21. Bh4 Nc5
22. Bb5 Rf7 23. Rf1 Rxf1+ 24. Kxf1 Rf8+ 25. Kg1 Bd7 26. Bf1
Ne6 27. Re1 e4 28. c4 Bc6 29. b4 dxc4 30. Bxc4 Nc7 31. a4 Bxa4
32. Rxe4 Re8 33. Rf4 Bc6 34. Bd3 h6 35. Rf7 Bd7 36. Rxg7 b5
37. Rh7 Re3 38. Rh8+ Ne8 39. Bg6 Bc6 40. Rxh6 Re2 41. Bf2 Nd6
42. Bh5 Rd2 43. Bg4+ Kd8 44. h4 Ne4 45. Bb6+ Ke7 46. Bf3 Rc2
47. Rg6 Kf7 48. h5 Nd2 49. Bxc6 bxc6 50. Bd4 Rc4 51. Rg7+ Kf8
52. Rg4 Nb3 53. h6 Rxd4 54. h7 Rxg4 55. h8=Q+ Ke7 56. Qe5+ Kd8
57. Qd6+ 1-0

[Event "New In Chess Classic"]
[Site "chess24.com INT"]
[Date "2021.04.25"]
[EventDate "2021.04.24"]
[Round "6.5"]
[Result "1/2-1/2"]
[White "Vidit Santosh Gujrathi"]
[Black "Alireza Firouzja"]
[WhiteElo "2726"]
[BlackElo "2759"]
[PlyCount "84"]

1. d4 d5 2. c4 c6 3. cxd5 cxd5 4. Bf4 Nc6 5. e3 Bf5 6. Nc3 e6
7. Nf3 a6 8. Be2 Nge7 9. O-O Nc8 10. Rc1 Bd6 11. Bxd6 Nxd6
12. Na4 O-O 13. Nc5 Qe7 14. Qa4 Rfc8 15. h3 g5 16. Nd2 Bg6
17. Rc3 Na7 18. Qb3 Rc7 19. Na4 Rxc3 20. bxc3 Rc8 21. Nb6 Rc6
22. c4 dxc4 23. Nbxc4 Nxc4 24. Nxc4 Qc7 25. Ne5 Rc3 26. Qa4
Nc8 27. Qe8+ Kg7 28. Nd7 Qd6 29. Nc5 Qc7 30. Nd7 Qd6 31. Nc5
Qc7 32. Bf3 Nd6 33. Qa8 Rc2 34. a4 a5 35. Nxb7 Nxb7 36. Qxb7
Qxb7 37. Bxb7 Ra2 38. Bc6 Bc2 39. Rc1 Bxa4 40. Bxa4 Rxa4
41. Rc7 Ra1+ 42. Kh2 Ra2 1/2-1/2

[Event "New In Chess Classic"]
[Site "chess24.com INT"]
[Date "2021.04.25"]
[EventDate "2021.04.24"]
[Round "7.4"]
[Result "1/2-1/2"]
[White "Alireza Firouzja"]
[Black "Teimour Radjabov"]
[WhiteElo "2759"]
[BlackElo "2765"]
[PlyCount "83"]

1. d4 Nf6 2. Nf3 e6 3. e3 c5 4. Bd3 Nc6 5. b3 Qa5+ 6. c3 d5
7. dxc5 Qxc5 8. Ba3 Qa5 9. Bxf8 Rxf8 10. b4 Qc7 11. Nbd2 Bd7
12. O-O Ke7 13. Rc1 Rfd8 14. c4 dxc4 15. Bxc4 Qd6 16. b5 Na5
17. Qa4 b6 18. Rfd1 Rac8 19. Nf1 Qb8 20. Qa3+ Ke8 21. Bd3 Rxc1
22. Rxc1 Rc8 23. Rxc8+ Qxc8 24. e4 Qc5 25. Qxc5 bxc5 26. Ne5
c4 27. Bxc4 Nxe4 28. Bd3 Nc3 29. Bxh7 Bxb5 30. a3 Nc4 31. Nxc4
Bxc4 32. Ne3 Bb5 33. Bc2 Ne2+ 34. Kf1 Nd4+ 35. Ke1 Ke7 36. Kd2
Kd6 37. h4 f5 38. g3 Kc5 39. Bd1 Bc6 40. f4 Be4 41. g4 fxg4
42. Bxg4 1/2-1/2

[Event "New In Chess Classic"]
[Site "chess24.com INT"]
[Date "2021.04.25"]
[EventDate "2021.04.24"]
[Round "8.6"]
[Result "1-0"]
[White "Aryan Tari"]
[Black "Alireza Firouzja"]
[WhiteElo "2639"]
[BlackElo "2759"]
[PlyCount "109"]

1. e4 c6 2. d4 d5 3. exd5 cxd5 4. Bd3 Nf6 5. c3 Bg4 6. Qb3 Qc7
7. h3 Bd7 8. Nf3 Nc6 9. O-O e6 10. Re1 Bd6 11. Qd1 O-O 12. Qe2
Be8 13. Nbd2 Nh5 14. Nb3 Nf4 15. Bxf4 Bxf4 16. Ne5 g6 17. a4
a6 18. a5 Rc8 19. h4 Qe7 20. g3 Bh6 21. h5 Nxe5 22. dxe5 g5
23. Nd4 Bd7 24. Nf3 Bg7 25. h6 Bh8 26. Nh2 f5 27. exf6 Bxf6
28. Ng4 Rce8 29. Ne5 Bxe5 30. Qxe5 Rf3 31. Re3 Ref8 32. Rxf3
Rxf3 33. Bc2 Rf8 34. Rf1 Bc8 35. f4 g4 36. Re1 Rf7 37. Qh5 Bd7
38. Qxg4+ Kf8 39. Re5 Qc5+ 40. Kg2 Qb5 41. Qg5 Qxb2 42. Qd8+
Be8 43. Qd6+ Re7 44. Re2 Qxc3 45. Bxh7 Qc6 46. Qa3 Qa4
47. Qxa4 Bxa4 48. Bb1 d4 49. g4 Bb5 50. Rd2 d3 51. Kf3 e5
52. fxe5 Rxe5 53. Bxd3 Bxd3 54. Rxd3 Rxa5 55. Rd8+ 1-0

[Event "New In Chess Classic"]
[Site "chess24.com INT"]
[Date "2021.04.25"]
[EventDate "2021.04.24"]
[Round "9.3"]
[Result "1-0"]
[White "Alireza Firouzja"]
[Black "Levon Aronian"]
[WhiteElo "2759"]
[BlackElo "2781"]
[PlyCount "65"]

1. d4 Nf6 2. Nf3 d5 3. Bf4 c5 4. e3 Qb6 5. Nc3 Bd7 6. Rb1 e6
7. Be2 Nc6 8. O-O cxd4 9. exd4 Rc8 10. a3 Be7 11. Re1 O-O
12. Bd3 a6 13. Ne5 Rfd8 14. Bg5 Kf8 15. Bxf6 Bxf6 16. Qh5 Be8
17. Ng4 Bxd4 18. Qxh7 Ke7 19. Ne2 Kd6 20. c3 Be5 21. Bc2 f6
22. Qxg7 Bh5 23. Nxf6 Rc7 24. Ne4+ dxe4 25. Rbd1+ Kc5 26. b4+
Kc4 27. Qh6 Nxb4 28. Qxh5 Bxc3 29. Nxc3 Nxc2 30. Rxe4+ Kxc3
31. Rxd8 Kb2 32. Qe5+ Kxa3 33. Rd3+ 1-0

[Event "New In Chess Classic"]
[Site "chess24.com INT"]
[Date "2021.04.25"]
[EventDate "2021.04.24"]
[Round "10.7"]
[Result "0-1"]
[White "Johan-Sebastian Christiansen"]
[Black "Alireza Firouzja"]
[WhiteElo "2618"]
[BlackElo "2759"]
[PlyCount "152"]

1. e4 c5 2. c3 Nf6 3. e5 Nd5 4. Nf3 Nc6 5. Bc4 Nb6 6. Bb3 d5
7. exd6 c4 8. Bc2 Qxd6 9. O-O g6 10. b3 Bg7 11. Na3 cxb3
12. axb3 Nd5 13. Nc4 Qc7 14. Ne3 Nf4 15. d4 O-O 16. g3 Nh5
17. Re1 Rd8 18. Qe2 Nf6 19. Bb2 e6 20. c4 Nb4 21. Bb1 b6
22. Ba3 Bf8 23. Bb2 Bb7 24. d5 Bg7 25. Be5 Qe7 26. Qb2 exd5
27. cxd5 Nbxd5 28. Nc4 Qf8 29. Ng5 Ng4 30. Bxg7 Qxg7 31. Qxg7+
Kxg7 32. h3 Ngf6 33. Ne5 Rf8 34. Bd3 Nb4 35. Rad1 Nxd3
36. Rxd3 Bd5 37. Nd7 Rfe8 38. Rxe8 Rxe8 39. f4 Nxd7 40. Rxd5
Nf6 41. Rd3 Re2 42. Nf3 Ne4 43. Ne5 Nc5 44. Rd8 Re3 45. Ra8
Nd3 46. Nc4 Rxg3+ 47. Kh2 Rf3 48. Rxa7 Rxf4 49. Nxb6 Rb4
50. Nc4 Rxb3 51. Nd6 Ne5 52. Re7 Kf6 53. Re8 Rb4 54. Kg3 Rd4
55. Nb5 Rd3+ 56. Kg2 g5 57. Rh8 Kg7 58. Re8 Ng6 59. Nc7 Nf4+
60. Kf1 Rxh3 61. Ra8 Rf3+ 62. Kg1 g4 63. Ne8+ Kg6 64. Ra6+ Kg5
65. Nd6 Nh3+ 66. Kg2 Kh4 67. Ne4 Nf4+ 68. Kg1 h5 69. Ra2 Nh3+
70. Kg2 f5 71. Nd6 Nf4+ 72. Kg1 Ne6 73. Ra5 Nd4 74. Rd5 Ne2+
75. Kh1 Kh3 76. Rd1 g3 0-1

[Event "New In Chess Classic"]
[Site "chess24.com INT"]
[Date "2021.04.26"]
[EventDate "2021.04.24"]
[Round "11.2"]
[Result "0-1"]
[White "Alireza Firouzja"]
[Black "Magnus Carlsen"]
[WhiteElo "2759"]
[BlackElo "2847"]
[PlyCount "98"]

1. d4 d5 2. Nf3 Nf6 3. e3 Bf5 4. c4 c6 5. Nc3 a6 6. Nh4 Bg4
7. Qc2 g6 8. h3 Be6 9. c5 Bg7 10. Bd3 Nbd7 11. f4 b6 12. f5
gxf5 13. cxb6 c5 14. Bxf5 Qxb6 15. Na4 Qb5 16. Bd3 Qb8 17. O-O
Qg3 18. Nf5 Bxf5 19. Bxf5 e6 20. Rf3 Qe1+ 21. Rf1 Qg3 22. Rf3
Qh4 23. Rf4 Qh5 24. Bd3 c4 25. Be2 Qg6 26. Qxg6 hxg6 27. Nc3
O-O 28. h4 Nh5 29. Rf2 Ng3 30. Bd1 Rab8 31. Kh2 Nf5 32. Kh3
Nd6 33. g4 f5 34. gxf5 gxf5 35. Rg2 Kh7 36. b3 Rfc8 37. bxc4
Rxc4 38. Ne2 Bh6 39. Bb3 Rc7 40. Bd2 Nf6 41. Rc1 Rxc1 42. Nxc1
Nde4 43. Nd3 Ng4 44. Re2 Nxd2 45. Rxd2 Bxe3 46. Re2 Rb6
47. Nc5 Kg6 48. Kg3 Kf7 49. Nd7 Rb4 0-1

[Event "New In Chess Classic"]
[Site "chess24.com INT"]
[Date "2021.04.26"]
[EventDate "2021.04.24"]
[Round "13.1"]
[Result "1-0"]
[White "Alireza Firouzja"]
[Black "Gawain Jones"]
[WhiteElo "2759"]
[BlackElo "2670"]
[PlyCount "96"]

1. d4 Nf6 2. c4 g6 3. Nc3 Bg7 4. e4 d6 5. Nf3 O-O 6. Be2 e5
7. O-O Nc6 8. d5 Ne7 9. Ne1 Nd7 10. Nd3 f5 11. f3 f4 12. b4 g5
13. c5 Nf6 14. a4 Kh8 15. a5 Rf7 16. Nf2 h5 17. Kh1 Bf8 18. g3
Ng6 19. c6 bxc6 20. dxc6 a6 21. Rg1 Rg7 22. gxf4 gxf4 23. b5
axb5 24. Bxb5 Nh7 25. Bd2 Ng5 26. Nd5 Nh4 27. Be2 Bh3 28. Bc3
Bg2+ 29. Rxg2 Nxg2 30. Qd3 Ne6 31. Bf1 Qh4 32. Qe2 Ne3 33. Bh3
Ng5 34. Bd7 Nxe4 35. Nxe4 Nxd5 36. Be1 Qd8 37. Bf2 Be7 38. Be6
Nf6 39. a6 Qe8 40. a7 Qxc6 41. Rb1 Nd7 42. Qd3 Qa4 43. Qd5
Rxa7 44. Bxa7 Qxa7 45. Bxd7 Bf8 46. Qe6 Rxd7 47. Qxd7 Qa2
48. Rg1 Qe2 1-0

[Event "New In Chess Classic"]
[Site "chess24.com INT"]
[Date "2021.04.26"]
[EventDate "2021.04.24"]
[Round "14.8"]
[Result "0-1"]
[White "Alireza Firouzja"]
[Black "Jan-Krzysztof Duda"]
[WhiteElo "2759"]
[BlackElo "2729"]
[PlyCount "90"]

1. d4 Nf6 2. Nf3 e6 3. Bf4 c5 4. e3 Qb6 5. Qc1 Nc6 6. c3 Nh5
7. Bg5 h6 8. Bh4 d5 9. Nbd2 g5 10. Bg3 Nxg3 11. hxg3 g4
12. Nh4 Bd7 13. Be2 h5 14. a4 cxd4 15. exd4 Rc8 16. Qb1 Bh6
17. b4 Nxd4 18. cxd4 Qxd4 19. Ra2 Qc3 20. Qd1 Qxb4 21. O-O O-O
22. Bb5 Bxb5 23. axb5 Qxb5 24. Nb3 Rc4 25. Rxa7 Rfc8 26. Ra1
Bg7 27. Rb1 Rb4 28. Rc1 Rc6 29. Rb1 Rb6 30. Nd2 Qd3 31. Rxb4
Rxb4 32. Nb1 Qxd1 33. Rxd1 b5 34. f4 Bd4+ 35. Kf1 Kg7 36. Na3
Bb6 37. Rc1 Rb3 38. Rc6 Bd8 39. Nc2 Bf6 40. Kf2 Rc3 41. Rxc3
Bxc3 42. Ke2 b4 43. Kd3 Kf6 44. Nd4 Be1 45. Ne2 b3 0-1

[Event "New In Chess Classic"]
[Site "chess24.com INT"]
[Date "2021.04.26"]
[EventDate "2021.04.24"]
[Round "15.2"]
[Result "1/2-1/2"]
[White "Rameshbabu Praggnanandhaa"]
[Black "Alireza Firouzja"]
[WhiteElo "2608"]
[BlackElo "2759"]
[PlyCount "80"]

1. d4 d5 2. c4 c6 3. Nf3 Nf6 4. e3 Bf5 5. Nc3 a6 6. Bd2 e6
7. Qb3 Ra7 8. Nh4 Be4 9. f3 dxc4 10. Bxc4 Bd5 11. g3 Bxc4
12. Qxc4 b5 13. Qe2 c5 14. dxc5 Bxc5 15. O-O Rd7 16. Rfd1 O-O
17. Be1 Qb6 18. Bf2 Rfd8 19. Ng2 Nc6 20. Ne1 Ne5 21. Rxd7 Rxd7
22. Rd1 Rxd1 23. Nxd1 h5 24. Nd3 Nxd3 25. Qxd3 Qc6 26. e4 Nd7
27. Kg2 Bxf2 28. Nxf2 Qc7 29. Qa3 Qc2 30. Qd6 Nf8 31. Qxa6
Qxb2 32. a4 bxa4 33. Qxa4 e5 34. h4 g6 35. Qa7 Kg7 36. Qe3 Ne6
37. f4 exf4 38. gxf4 Qd4 39. Qxd4+ Nxd4 40. Nd3 Kf6 1/2-1/2

[Event "New In Chess Classic"]
[Site "chess24.com INT"]
[Date "2021.04.27"]
[EventDate "2021.04.24"]
[Round "1.11"]
[Result "1-0"]
[White "Shakhriyar Mamedyarov"]
[Black "Alireza Firouzja"]
[WhiteElo "2770"]
[BlackElo "2759"]
[PlyCount "107"]

1. d4 d5 2. c4 c6 3. Nf3 Nf6 4. Nc3 a6 5. Qc2 b5 6. b3 g6
7. e3 Bf5 8. Bd3 e6 9. O-O Bb4 10. Bd2 Bxc3 11. Bxc3 Nbd7
12. Ne5 Nxe5 13. dxe5 Bxd3 14. Qxd3 Ne4 15. Bd4 bxc4 16. bxc4
Qa5 17. cxd5 exd5 18. f3 Ng5 19. Rfc1 O-O 20. Rxc6 Ne6 21. Bc3
Qb5 22. Qxb5 axb5 23. a3 Rfc8 24. Rxc8+ Rxc8 25. Bb4 d4
26. exd4 Nxd4 27. Rd1 Rc4 28. Kf2 g5 29. Rd3 Rc2+ 30. Kg3 Rc4
31. Kf2 Rc2+ 32. Ke3 Nc6 33. Rd2 Rc4 34. Bd6 Ra4 35. Rb2 Na5
36. Rxb5 Nc4+ 37. Kd3 Nxa3 38. Rb8+ Kg7 39. Kc3 Nc4 40. Kb3
Nxd6 41. Kxa4 Nc4 42. Rb5 Ne3 43. g4 h6 44. Rb2 Nd5 45. Kb5
Nf4 46. Kc4 Ne6 47. Kd5 Nf4+ 48. Ke4 Ne6 49. Rb6 Nf4 50. h4
Ng2 51. hxg5 hxg5 52. Rb2 Nf4 53. Kf5 Ne6 54. Rd2 1-0